000 00812cam a2200205 i 4500
005 20260122103018.0
008 250721s2019 le gr 000 0 ara d
020 _a9786144363669
082 1 4 _a343.034
_bح س ي
100 1 _aالحسين، سليمان إبراهيم
_eمؤلف.
245 1 2 _aالرقابة على الإنفاق العام :
_b(دراسة مقارنة ) /
_cالمستشار المحامي سليمان ابراهيم الحسين.
250 _aالطبعة الاولى.
264 3 1 _aلبنان :
_bمكتبة زين الحقوقية والادبية ش.م.م.،
_c2019.
300 _a224 صفحة.
650 1 7 _aالنفقات العامة.
650 1 7 _aالمالية العامة.
650 1 7 _aالرقابة.
942 _2ddc
_cBK
999 _c141168
_d141168